000 01036nam0a22002531 4500
001 rc\3387359
005 20260407142142.0
021 _aRU
_b[69-116706]
035 _a(NLR Aleph) 007537096
090 _a7772782
_c7772782
100 _a20130115d1969 |||y0rusy50 ca
101 0 _arus
102 _aRU
105 _aa b |||||
200 1 _aАльбом рабочих чертежей инструментов, инвентаря и приспособлений для производства штукатурных работ
_fМ-во сел. строительства РСФСР
210 _aМосква
_cРосгипрооргсельстрой
_d1969
215 _a59 с.
_cчерт.
_d30х40
606 _aШтукатурные машины и аппараты
_jЧертежи
_2psbo
712 0 2 _a"Росгипрооргсельстрой", институт
_cМосква
_3RU\NLR\AUTH\8810011413
_9520533
801 0 _aRU
_bNLR
_gpsbo
801 1 _aRU
_bELAR
_2rusmarc
852 _aNLR
_j69-10/171
942 _cBOOK
980 _aNB